| 000 | 01763nam a2200373 i 4500 | ||
|---|---|---|---|
| 003 | EG-GICUC | ||
| 005 | 20260121101347.0 | ||
| 008 | 251126s1988 ua ||||fr|||| 00| 0 ara d | ||
| 017 | _a1988/5145 | ||
| 017 | _a1997/5740 | ||
| 020 | _a9770403997 | ||
| 020 | _a9772001780 | ||
| 040 |
_a EG-GICUC _bara _c EG-GICUC _d EG-GICUC _erda |
||
| 041 | 0 | _aara | |
| 082 | 0 | 4 |
_221 _a343.425 _bع ب . ق |
| 092 | 0 | 4 | _221 |
| 099 | _aLaw1 10 343.425 ع ب . ق 1988 | ||
| 100 | 0 |
_aعبد الرحيم صدقى _eمؤلف. |
|
| 245 | 1 | 0 |
_aجرائم الرأي والإعلام فى تشريعات الإعلام وقانوني العقوبات والإجراءات الجنائية : _b"دراسة تحليلية" / _cدكتور عبدالرحيم صدقى. |
| 246 | 1 | 4 | _aالقانون الجنائى والرأى والإعلام |
| 264 | 3 |
_aالقاهرة : _bمطبعة جامعة القاهرة والكتاب الجامعى، _c1988. |
|
| 300 |
_a299 صفحة ؛ _c24 سم. |
||
| 336 |
_2rda content _atext |
||
| 337 |
_2rda media _aComputer |
||
| 338 |
_2rda carrier _aOnline Resource |
||
| 500 | _aتعليق فقصر على التعديلات التشريعية حسب القوانين ٩٣ لسنة ١٩٩٥ و ٩٥ لسنة ١٩٩٦ ٩٦ لسنة ١٩٩٦ الخاصة بتعديل بعض احكام قانوني العقوبات والاجراءات الجنائية بخصوص جرائم النشر | ||
| 504 | _a. 273-294ببليوجرافيا: صفحات. | ||
| 546 | _aالنص باللغة العربية | ||
| 650 | 1 | 4 | _aالتشريعات المتعلقة بالصحافة |
| 650 | 1 | 4 | _aالقانون الجنائي |
| 856 | 4 | 0 | _uhttps://fll.law.cu.edu.eg/fulltext/bks/B10-06197.pdf |
| 905 |
_a77 _eHassnaa |
||
| 942 |
_2ddc _cBK _e21 _n0 |
||
| 999 |
_c46170 _d46170 |
||